Rajniti vigyan: Pramukh avdharnaen (Record no. 360056)
[ view plain ]
| 000 -LEADER | |
|---|---|
| fixed length control field | 00482 a2200181 4500 |
| 005 - DATE & TIME | |
| control field | 20250606102428.0 |
| 008 - FIXED-LENGTH DATA ELEMENTS--GENERAL INFORMATION | |
| fixed length control field | 250602b |||||||| |||| 00| 0 eng d |
| 020 ## - ISBN | |
| International Standard Book Number | 9788194149415 |
| Price | Rs. 1795.00 |
| 040 ## - CATALOGING SOURCE | |
| Original cataloging agency | VIVEKANANDA LIBRARY |
| 082 ## - DDC NUMBER | |
| Classification number | 320.01 |
| Book Number | B179R |
| 100 ## - MAIN ENTRY--PERSONAL NAME | |
| Personal name | Bakoliya, Dheeraj |
| 245 ## - TITLE STATEMENT | |
| Title | Rajniti vigyan: Pramukh avdharnaen |
| 260 ## - PUBLICATION, DISTRIBUTION, ETC. (IMPRINT) | |
| Name of publisher, distributor, etc | R Publications |
| Date of publication, distribution, etc | 2024 |
| Place of publication, distribution, etc | Jaipur |
| 300 ## - PHYSICAL DESCRIPTION | |
| Pages | 288 |
| 650 ## - Subject | |
| Subject | Political Science |
| 650 ## - Subject | |
| Subject | Political Science- Philosophy |
| 942 ## - ADDED ENTRY ELEMENTS (KOHA) | |
| Koha item type | Books |
| Withdrawn status | Lost status | Source of classification or shelving scheme | Damaged status | Not for loan | Location (home branch) | Sublocation or collection (holding branch) | Shelving location | Date acquired | Koha issues (times borrowed) | Koha full call number | Accession No. | Koha date last seen | Koha item type |
|---|---|---|---|---|---|---|---|---|---|---|---|---|---|
| Dewey Decimal Classification | VIVEKANANDA LIBRARY | VIVEKANANDA LIBRARY | Vivekananda Library | 22/01/2025 | 320.01 B179R | 441903 | 22/01/2025 | Books | |||||
| Dewey Decimal Classification | VIVEKANANDA LIBRARY | VIVEKANANDA LIBRARY | Vivekananda Library | 22/01/2025 | 320.01 B179R | 441918 | 22/01/2025 | Books |
